Swahili Speaking Countries - Statistics

General Stats
  • This quiz has been taken 29 times
  • The average score is 6 of 9
Answer Stats
Answer % Correct
Kenya
93%
Tanzania
93%
Uganda
93%
Somalia
85%
Burundi
74%
Mozambique
74%
Congo
67%
South Africa
52%
Oman
7%
No matching quizzes found
Score Distribution
Percent of People with Each Score
Percentile by Number Answered
Your Score History
You have not taken this quiz